000 00696nam a22002057a 4500
003 OSt
005 20140310183049.0
008 130227t xxu||||| |||| 00| 0 eng d
020 _a9712004511
050 _aBF 697
_b.P552 1998
082 _aFIL 333.7516599
_b.P53 1998
245 _aPeople, earth and culture
_breadings in indigenous knowledge systems on biodiversity management and utilization
_cPhilippine Council for Agriculture, Forestry and Natural Resources Research and Development
260 _aLos Banos, Laguna
_bPCARRD-NCCA
_cc1998
300 _a303 p.
_c23 cm.
521 _acollege students
526 _c1210L-1700L
541 _j1
562 _e1
942 _2lcc
_cBK
_kFIL
999 _c18626
_d18626